000 00813nam a22002657a 4500
003 0
005 20160609170526.0
008 110221t xxu||||| |||| 00| 0 eng d
037 _aM16722
_bBIBLIO
040 _aBUAC
_bFr.
_cEPAC
082 _a26.APE/DOS
100 _aComlan, Eurice, Milord, DOSSEVI
_914882
245 _aContribution à l'aménagement de la berge Est de la lagune
250 _aEPAC
260 _aBUAC
_bEPAC
_c2007
300 _a87 p
_bCouv. et ill. en coul.
_c30cm
500 _aMém (M.) , Env.; EPAC /UAC. : 2007
504 _aRéf. bibliogr. : p 78 - p 80 annexes : questionnaire ; notes d'information
630 _aENVIRONNEMENT
_914883
650 _aESPACE
_914884
650 _a:AMENAGEMENT
_914885
653 _aentretien
700 _aAHISSOU, Joseph
_914886
942 _cTHE
999 _c49115
_d49115